Experimental Medicinal Chemistry-1 (Record no. 8787)

MARC details
000 -LEADER
fixed length control field 00323nam a22001337a 4500
003 - CONTROL NUMBER IDENTIFIER
control field OSt
008 - FIXED-LENGTH DATA ELEMENTS--GENERAL INFORMATION
fixed length control field 200710b ||||| |||| 00| 0 eng d
100 ## - MAIN ENTRY--PERSONAL NAME
Personal name Somani, Rakesh
245 ## - TITLE STATEMENT
Title Experimental Medicinal Chemistry-1
260 ## - PUBLICATION, DISTRIBUTION, ETC. (IMPRINT)
Place of publication, distribution, etc New Delhi
Name of publisher, distributor, etc Nirali
Date of publication, distribution, etc 2019
300 ## - PHYSICAL DESCRIPTION
Extent 70
650 ## - SUBJECT ADDED ENTRY--TOPICAL TERM
Topical term or geographic name as entry element Medicinal Chemistry
942 ## - ADDED ENTRY ELEMENTS (KOHA)
Source of classification or shelving scheme Dewey Decimal Classification
Koha item type Text Books
Holdings
Withdrawn status Lost status Source of classification or shelving scheme Damaged status Not for loan Collection code Home library Current library Date acquired Source of acquisition Currency Cost, normal purchase price Bill Number Total Checkouts Full call number Acc. no. / Barcode Date last seen Actual Cost, discounted price Bill Date Koha item type Date last borrowed
    Dewey Decimal Classification     B.Pharma PIET C-LIBRARY PIET C-LIBRARY 01/02/2020 Kirti Publisher In Rupees 70.00 IN6233   615.19 SOE BP1076 10/07/2020 51.80 01/02/2020 Reference Books  
    Dewey Decimal Classification     B.Pharma PIET C-LIBRARY PIET C-LIBRARY 01/02/2020 Kirti Publisher In Rupees 70.00 IN6233 1 615.19 SOE BP1077 05/09/2024 51.80 01/02/2020 Text Books 04/09/2024
    Dewey Decimal Classification     B.Pharma PIET C-LIBRARY PIET C-LIBRARY 01/02/2020 Kirti Publisher In Rupees 70.00 IN6233 2 615.19 SOE BP1078 11/10/2024 51.80 01/02/2020 Text Books 30/08/2024

Design & Developed by: PIET Central Library
R70 Miles Stone Pattikalyana Samalkha Panipat 132102
mail ID :- [email protected], Phone No:- 0180-2569700 Ex.216